| 000 | 01922cpcaa2200373 a 4500 | ||
|---|---|---|---|
| 001 | mm 95006320 | ||
| 003 | DLC | ||
| 005 | 20260227111724.0 | ||
| 008 | 950714|||||||||||| eng | ||
| 010 | _amm 95006320 | ||
| 040 |
_aDLC _cDLC _dDLC _edacs |
||
| 072 | 7 |
_aN _2lcmd |
|
| 100 | 1 |
_aWalthall, Edward C. _q(Edward Cary), _d1831-1898. |
|
| 245 | 0 | 0 |
_aEdward C. Walthall papers, _f1816-1894. |
| 300 |
_a50 _fitems. |
||
| 506 | 0 | _aOpen to research. | |
| 520 | 8 | _aCorrespondence (1859-1894) of Walthall concerning Confederate army appointments and prisoners during the Civil War, conditions following the war, and personal affairs. Also includes letters addressed to John Marshall and John Randolph relating to personal matters; photocopy of letter fragment concerning John C. Calhoun; and photocopy of handwritten poem by John Greenleaf Whittier titled Randolph of Roanoke. | |
| 530 | _aPhotocopies. | ||
| 545 | 0 | _aConfederate army officer and U.S. senator from Mississippi. | |
| 546 | _aCollection material in English. | ||
| 580 | _aForms part of: Miscellaneous Manuscripts collection. | ||
| 600 | 1 | 0 |
_aCalhoun, John C. _q(John Caldwell), _d1782-1850 _vCorrespondence. |
| 600 | 1 | 0 |
_aMarshall, John, _d1755-1835 _vCorrespondence. |
| 600 | 1 | 0 |
_aRandolph, John, _d1773-1833 _vCorrespondence. |
| 610 | 1 | 0 |
_aConfederate States of America. _bArmy. |
| 651 | 0 |
_aUnited States _xHistory _yCivil War, 1861-1865. |
|
| 651 | 0 |
_aUnited States _xHistory _yCivil War, 1861-1865 _xPrisoners and prisons. |
|
| 651 | 0 |
_aUnited States _xHistory _y1865-1898. |
|
| 656 | 7 |
_aArmy officers, Confederate. _2itoamc |
|
| 656 | 7 |
_aSenators, U.S. Congress _zMississippi. _2itoamc |
|
| 700 | 1 |
_aWhittier, John Greenleaf, _d1807-1892. _tRandolph of Roanoke : _kpoem. |
|
| 999 |
_c44319 _d44319 |
||